Les clubs anglais en 1/2 finale de Coupe d'Europe - Statistiques

Statistiques générales
  • Ce quiz a été pris 138 fois
  • Le résultat moyen est 12 sur 18
Statistiques - réponses
Nombre de 1/2 finale Clubs % Correct
18 Liverpool FC
99%
6 Manchester City
99%
17 Manchester United
99%
9 Arsenal
98%
14 Chelsea FC
98%
8 Tottenham
96%
2 Aston Villa
94%
1 Everton
77%
3 Nottingham Forest
77%
5 West Ham
74%
1 Newcastle United
72%
1 Leicester City
65%
5 Leeds United
56%
1 Fulham
49%
2 Wolverhampton
41%
1 Ipswich Town
26%
1 Derby County
14%
1 Middlesbrough
13%
Aucun quiz correspondant
Distribution des résultats
% des personnes avec chaque résultat
Percentile par nombre de réponses
Votre historique - résultats
Vous n’avez pas pris ce quiz